Pequeǫs contribuyentes. Guia prc̀tica fiscal /

Detalles Bibliográficos
Autor principal: Fol Olguin, Raymundo
Otros Autores: Přez Chavez, Još
Formato: eBook
Lenguaje:español
Publicado: Mx̌ico DF: Tax Editores, 2011
Materias:
Acceso en línea:Acceso restringido

MARC

LEADER 00000nam a22000007a 4500
005 2012022006066.0
007 cr|||| ||||
008 120220s2011 mx |||||s|||| 00||0 spa d
020 |a 978-607-440-276-6 
035 |a 6155 
040 |a vLex 
090 |c 2992  |d 2992 
100 1 |a Fol Olguin, Raymundo 
245 1 0 |a Pequeǫs contribuyentes.  |h [Recurso electrn̤ico] :  |b  Guia prc̀tica fiscal /  |c Raymundo Fol Olguin, Jos ̌Přez Chv̀ez  
256 |a Servicio en ln̕ea 
260 |a Mx̌ico DF:  |b Tax Editores,  |c 2011 
300 |a 1 recurso electrn̤ico 
506 1 |a Contenido solo disponible en los productos indicados  |d vLex Global   |d vLex Global (Academic Edition, excluding Law Schools)   |d vLex Global (U.S. Academic Edition, Law Schools)   |d vLex Global (U.S. Academic Edition, excluding Law Schools)   |d vLex Global (Academic Edition, Law Schools)  
650 0 4 |a Derecho fiscal  |z Mx̌ico 
700 1 |a Přez Chavez, Još 
740 0 |a vLex Libros (Servicio en ln̕ea) 
856 4 0 |u http://vlex.com/source/peque-os-contribuyentes-guia-practica-fiscal-6155  |z Acceso restringido 
942 |c BOOK 
999 0 |a Taxation - Law and legislation